Dr. Seuss Books - Sudden Death - Statistics

General Stats
  • This quiz has been taken 481 times
    455 since last reset
  • The average score is 13 of 22
Answers on the Grid
Answers color-coded by a green-red scale on the quiz's grid according to % correct below.
Adventures of Huckleberry Finn
And to Think That I Saw It on Mulberry Street
Bartholomew and the Oobleck
Charlie and the Chocolate Factory
Charlotte’s Web
Chicka Chicka Boom Boom
Diary of a Wimpy Kid
Fox in Socks
Goodnight Moon
Green Eggs and Ham
Harold and the Purple Crayon
Heidi
Hop on Pop
Horton Hatches the Egg
Horton Hears a Who!
How the Grinch Stole Christmas!
I Am Not Going to Get up Today!
If I Ran the Zoo
Jabberwocky
James and the Giant Peach
Jumanji
Madeline
Marvin K. Mooney Will You Please Go Now!
McElligot’s Pool
Mr. Popper’s Penguins
Oh, the Places You’ll Go!
Oh, the Thinks You Can Think!
One Fish, Two Fish, Red Fish, Blue Fish
Pete the Cat
Pinocchio
The 500 Hats of Bartholomew Cubbins
The Butter Battle Book
The Cat in the Hat
The Emperor’s New Clothes
The Giving Tree
The Little Prince
The Lorax
The Rainbow Fish
The Snowy Day
The Very Hungry Caterpillar
There’s a Wocket in My Pocket
Thidwick the Big-Hearted Moose
Where the Wild Things Are
Yertle the Turtle and Other Stories
 
Answer Stats
Answer % Correct
Green Eggs and Ham
87%
Horton Hears a Who!
86%
The Cat in the Hat
82%
The Lorax
82%
How the Grinch Stole Christmas!
80%
One Fish, Two Fish, Red Fish, Blue Fish
78%
Oh, the Places You’ll Go!
74%
Fox in Socks
71%
There’s a Wocket in My Pocket
68%
Hop on Pop
67%
Horton Hatches the Egg
61%
Yertle the Turtle and Other Stories
60%
Oh, the Thinks You Can Think!
59%
And to Think That I Saw It on Mulberry Street
56%
If I Ran the Zoo
53%
I Am Not Going to Get up Today!
44%
Marvin K. Mooney Will You Please Go Now!
44%
Bartholomew and the Oobleck
42%
The 500 Hats of Bartholomew Cubbins
41%
Thidwick the Big-Hearted Moose
38%
The Butter Battle Book
37%
McElligot’s Pool
27%
No matching quizzes found
Score Distribution
Percent of People with Each Score
Percentile by Number Answered
Your Score History
You have not taken this quiz since the last reset